01576nam a2200373Ia 4500001001200000003000800012006001900020007001500039008004100054010001700095020003600112020002200148020003900170020002500209040002100234035002100255050002500276082001900301245012600320260007000446300002300516490003400539504005100573533015200624650004400776650004200820650005600862651005400918655002900972700002601001700003201027710001701059856012601076ebr10594485CaPaEBRm u cr cn|||||||||110509s2012 vaua sb s001 0 eng d z 2011019288 z0813931959 (cloth : alk. paper) z081393205X (ebk.) z9780813931951 (cloth : alk. paper) z9780813932057 (ebk.) aCaPaEBRcCaPaEBR a(OCoLC)79352135614aE184.A1bF314 2012eb04a305.80097322300aFaith and race in American political lifeh[electronic resource] /cedited by Robin Dale Jacobson and Nancy D. Wadsworth. aCharlottesville ;aLondon :bUniversity of Virginia Press,c2012. avi, 320 p. :bill.0 aRace, ethnicity, and politics aIncludes bibliographical references and index. aElectronic reproduction.bPalo Alto, Calif. :cebrary,d2011.nAvailable via World Wide Web.nAccess may be limited to ebrary affiliated libraries. 0aRacexPolitical aspectszUnited States. 0aReligion and politicszUnited States. 0aMinoritieszUnited StatesxPolitics and government. 0aUnited StatesxRace relationsxPolitical aspects. 7aElectronic books.2local1 aJacobson, Robin Dale.1 aWadsworth, Nancy D.,d1968-2 aebrary, Inc.40uhttp://site.ebrary.com/lib/rucke/Doc?id=10594485zAn electronic book accessible through the World Wide Web; click to view